000 00513nam a2200205Ia 4500
003 0100
008 130303s9999 xx 000 0 und d
040 _cARRUPELIB
050 _aB72.P4
100 _aPeterfreund, Sheldon P ; Denise, Theodore C
245 _aContemporary philosophy and its origins
245 _bText and readings
260 _aPrinceton New Jersey
260 _bD. Van Nostrand Co.
260 _C1967
300 _a326p.
300 _b 23cm.
650 _aPHILOSOPHY
942 0 0 _02
999 _c36769
_d36769